Havre AC | Effectif Ligue 1 - 2024/2025 - Statistiques

Statistiques générales
  • Ce quiz a été pris 88 fois
  • Le résultat moyen est 20 sur 28
Statistiques - réponses
Poste Joueurs Nationalité Numéro % Correct
Gardien de but Arthur Desmas 30
95%
Défenseur Gautier Lloris 4
94%
Gardien de but Mathieu Gorgelin 1
94%
Défenseur Arouna Sangante 93
92%
Milieu de terrain Yassine Kechta 8
92%
Défenseur Fodé Ballo-Touré 97
89%
Défenseur Loïc Nego 7
89%
Milieu de terrain Abdoulaye Touré 94
88%
Attaquant André Ayew 28
83%
Coach Didier Digard
83%
Attaquant Ahmed Hassan 99
81%
Attaquant Josué Casimir 10
78%
Attaquant Issa Soumaré 45
77%
Défenseur Étienne Youté Kinkoué 6
72%
Milieu de terrain Rassoul Ndiaye 19
70%
Attaquant Antoine Joujou 21
69%
Défenseur Yanis Zouaoui 18
67%
Milieu de terrain Daler Kuzyaev 14
63%
Milieu de terrain Mahamadou Diawara 34
63%
Attaquant Ilyes Housni 46
59%
Milieu de terrain Junior Mwanga 23
59%
Défenseur Timothée Pembélé 32
59%
Milieu de terrain Aloïs Confais 25
58%
Défenseur Oualid El Hajjam 17
58%
Attaquant Yann Kitala 9
55%
Attaquant Elysée Logbo 20
53%
Milieu de terrain Ismaïl Bouneb 44
47%
Attaquant Ruben Londja 70
42%
Aucun quiz correspondant
Distribution des résultats
% des personnes avec chaque résultat
Percentile par nombre de réponses
Votre historique - résultats
Vous n’avez pas pris ce quiz